| 000 | 00569nam a22002051 4500 | ||
|---|---|---|---|
| 001 | bimo0000666651 | ||
| 003 | OSt | ||
| 005 | 20140826213008.0 | ||
| 008 | 900725s1970 sp spa | ||
| 040 |
_aSpMaBN _cBMC |
||
| 082 | _a863.3 | ||
| 100 |
_9247 _aCalderón de la Barca, Pedro _d1600-1681 |
||
| 245 | 1 | 3 |
_aEl mayor monstruo del mundo _b ; El príncipe constante _cCalderón de la Barca |
| 250 | _a4ª ed | ||
| 260 | 0 |
_aMadrid _bEspasa-Calpe _c1970 |
|
| 300 |
_a169 p. _c18 cm |
||
| 490 | 0 |
_aAustral _v496 |
|
| 740 | 3 | 1 | _aEl Principe constante. |
| 942 |
_2ddc _cBK |
||
| 999 |
_c440 _d440 |
||